000 01001cam a22002777a 4500
003 CHAP
005 20220329140009.0
008 971013s1919 r 00010 d
010 _a45253
011 _a46225
035 _a50366
040 _cCHAP
082 _a301.35
_bU5
110 _aUniversidad Veracruzana. Instituto de Investigaciones y Estudios Superiores Económicos y Sociales
_9116587
245 1 3 _aEl Distrito de Riego No. 35 La Antigua Actopan como alternativa para el desarrollo rural de la región centro del estado de Veracruz
260 _aXalapa, Ver. :
_bEl Instituto,
_c19 - 19
300 _av.
500 _aLa biblioteca tiene: v.2
590 _aBATCH-UPD
_b10
_c20130110
_lUCH01
_h1324
590 _aCONVERSION
_b10
_c20130109
_lUCH01
_h1325
650 1 4 _aDistrito de Riego La Antigua, Ver.
_932895
650 1 4 _aVeracruz
_xCondiciones rurales.
_9118808
901 _aBK
942 _cLIBRO
949 _a301.35 U5
_bBC
_cLIBRO
_d33724000227237
_eLIBRO
_fv.2
_h62837
_i50366
_mD
_si
999 _c45253
_d45253